| 000 | 01002cam a2200277 4500 | ||
|---|---|---|---|
| 008 | #DATE n2005 000 0 eng u | ||
| 020 | _a0421764007 | ||
| 035 | _a(Sirsi) u117626 | ||
| 041 | _aeng | ||
| 050 | _a346.4104343 | ||
| 100 | _aWebber, Gary | ||
| 245 |
_aBusiness premises _bpossession and lease renewal |
||
| 250 | _a3rd ed. | ||
| 260 |
_aLondon _bSweet and Maxwell _c2005 |
||
| 300 |
_axlv, 507p. _c24cm |
||
| 350 | _a85 | ||
| 490 | _aSweet and Maxwell Practioner Series | ||
| 520 | _aA guide to the legal and procedural aspects of possession taking into account changes to the Landlord and Tenant Act 1954 Part II. Covers a wide range of areas including termination, non-payment of rent, licences, forfeiture, proceedings for possession and applications for new tenancies. | ||
| 590 | _aRKA | ||
| 650 | _aFORFEITURE | ||
| 650 | 2 | 4 | _aLANDLORD AND TENANT ACT 1954 PART II |
| 650 | _aLEASES | ||
| 650 | _aTERMINATION | ||
| 690 |
_aLandlord and tenant _96252 |
||
| 942 | _n0 | ||
| 999 |
_c102036 _d102036 |
||